Me and Mr Darcy

Bibliographic Details
Main Author: Potter, Alexandra (Author)
Format: Book
Language:English
Published: London : Hodder and Stoughton Ltd c2007 ©2007
Subjects:

MARC

LEADER 00000cam a2200000 7i4500
001 0000028373
005 20241122.0
008 190211 -uk eng
020 |a 9780340923740 
040 |a INS   |b eng   |e rda 
090 0 0 |a PR6116.O89   |b M4 2007 
100 1 |a Potter, Alexandra ,   |e author 
245 1 0 |a Me and Mr Darcy   |c Alexandra Potter 
264 1 |a London :   |b Hodder and Stoughton Ltd c2007 
264 4 |c ©2007 
300 |a 340 pages ;   |c 21 cm. 
336 |a text  |2 rdacontent 
337 |a unmediated  |2 rdamedia 
338 |a volume  |2 rdacarrier 
650 0 |a Single women   |v Fiction 
650 0 7 |a Love stories 
999 |a 0000024595   |b BOOK   |c Open Shelf   |e Default branch